Sistemas silvopastoriles para una ganadería ecoeficiente /

Detalles Bibliográficos
Autores principales: Vivas Quila, Nelson José (Autor), Gutiérrez Solís, Jhon Freddy (Autor), Morales Velasco, Sandra (Autor)
Formato: Electrónico eBook
Lenguaje:español
Publicado: Popayán, Colombia : Editorial Universidad del Cauca, 2024.
Edición:Primera edición en español.
Materias:
Acceso en línea:Digitalia Hispánica

MARC

LEADER 00000nam a2200000Ii 4500
001 DIGUCAUCA0195
003 NyNyDIG
006 m o d
007 cr |||||||||||
008 250611s2024 ck a ob 001 0 spa d
035 |a (OCoLC)1517374885 
040 |a DGITA  |b eng  |e rda  |e pn  |c DGITA 
020 |a 9789587327151  |q digital 
020 |z 9789587327144  |q impreso 
050 1 4 |a S494.5.A45 ebook 
100 1 |a Vivas Quila, Nelson José,  |e author. 
245 1 0 |a Sistemas silvopastoriles para una ganadería ecoeficiente /  |c Nelson José Vivas Quila, Jhon Freddy Gutiérrez Solís, Sandra Morales Velasco. 
250 |a Primera edición en español. 
264 1 |a Popayán, Colombia :  |b Editorial Universidad del Cauca,  |c 2024. 
300 |a 1 online resource :  |b illustrations. 
336 |a text  |b txt  |2 rdacontent 
337 |a computer  |b c  |2 rdamedia 
338 |a online resource  |b cr  |2 rdacarrier 
347 |a text file  |2 rdaft  
347 |b PDF 
504 |a Includes bibliographical references and index. 
588 0 |a Online resource; title from PDF title page (Digitalia, viewed June 11, 2025) 
650 0 |a Agroforestry. 
650 0 |a Silvopastoral systems. 
650 0 |a Forage plants. 
700 1 |a Gutiérrez Solís, Jhon Freddy,  |e author. 
700 1 |a Morales Velasco, Sandra,  |e author. 
776 0 8 |i Print version:  |a Vivas Quila, Nelson José.  |t Sistemas silvopastoriles para una ganadería ecoeficiente.  |b Primera edición en español.  |d Popayán, Colombia : Editorial Universidad del Cauca, 2024  |z 9789587327144 
791 2 |a Digitalia (Firm),  |e distributor. 
793 0 |g Digitalia eBook Collection:  |a Editorial Universidad del Cauca 
856 4 0 |3 Digitalia Hispánica  |u https://www.digitaliapublishing.com/a/173819/ 
910 |a Premium collection: 2025